[Event "CN Equipas 2017 - 1. div"]
[Site "Leiria POR"]
[Date "2017.07.21"]
[Round "6.5.4"]
[White "Cavaleiro, Daniel"]
[Black "Andrade, José"]
[Result "0-1"]
[WhiteElo "2006"]
[BlackElo "2223"]
[WhiteFideId "1904663"]
[BlackFideId "1900986"]
[WhiteTeam "CX Montemor-o-Velho/CTGA 'A'"]
[BlackTeam "ADRC Mata de Benfica 'A'"]
[BlackTitle "FM"]
[PlyCount "136"]

1. d4 e6 2. c4 Nf6 3. Nc3 Bb4 4. Qc2 c5 5. dxc5 Bxc5 6. e3 O-O 7. Nf3 d5 8. a3
Nc6 9. b4 Be7 10. Bb2 dxc4 11. Bxc4 Qc7 12. Nb5 Qb8 13. O-O a6 14. Nbd4 Bd7 15.
Rac1 Rc8 16. Qb1 Nxd4 17. Bxd4 Bc6 18. Be5 Bd6 19. Bxd6 Qxd6 20. Rfd1 Qb8 21.
Be2 Bd5 22. Rxc8+ Qxc8 23. Rc1 Qd8 24. Qc2 h6 25. h3 Qd6 26. Qc7 Ne8 27. Qc5
Qxc5 28. Rxc5 Nd6 29. Ne5 Rc8 30. Nd7 Bc6 31. Nb6 Rd8 32. Bxa6 Ne4 33. Rc1 bxa6
34. Rxc6 Rd1+ 35. Kh2 Nxf2 36. Kg3 Ne4+ 37. Kf4 Nd6 38. Kf3 Rd2 39. Na4 e5 40.
Nc5 f5 41. Rxa6 Nc4 42. g4 e4+ 43. Kg3 Nxe3 44. gxf5 Nf1+ 45. Kf4 e3 46. Re6
Rf2+ 47. Ke4 e2 48. Kd3 Ng3 49. Kd2 Rf1 50. Rxe2 Nxe2 51. Kxe2 Rxf5 52. a4 Kf7
53. a5 Ke7 54. Ke3 Kd6 55. a6 Kc6 56. Ke4 Rf7 57. Kd4 Kb5 58. Kd5 Ra7 59. Kd6 g5
60. Kd5 Kxb4 61. Kc6 Ka5 62. Kd5 Kb6 63. Ne4 Rxa6 64. Nf2 h5 65. Ke5 Ra2 66. Ne4
g4 67. hxg4 h4 68. Kf4 h3 0-1

[Event "CN Equipas 2017 - 1. div"]
[Site "Leiria POR"]
[Date "2017.07.21"]
[Round "7.1.1"]
[White "Zeibel, Patrick"]
[Black "Sprenger, Jan"]
[Result "1/2-1/2"]
[WhiteElo "2452"]
[BlackElo "2514"]
[WhiteFideId "24624322"]
[BlackFideId "4646258"]
[WhiteTeam "CX Montemor-o-Velho/CTGA 'A'"]
[BlackTeam "GX Porto 'A'"]
[WhiteTitle "IM"]
[BlackTitle "IM"]
[PlyCount "57"]

1. e4 c5 2. Nf3 Nc6 3. c3 d5 4. exd5 Qxd5 5. Na3 Nf6 6. Bc4 Qd8 7. d4 e6 8. O-O
cxd4 9. Nb5 a6 10. Nbxd4 Nxd4 11. Qxd4 Qxd4 12. Nxd4 Bd6 13. Bg5 Bd7 14. Rfe1
O-O-O 15. Nf3 h6 16. Be3 Bc6 17. Bb6 Bc7 18. Bxc7 Kxc7 19. Ne5 Be8 20. Rad1 Rxd1
21. Rxd1 Nd7 22. f4 g5 23. Rf1 gxf4 24. Nxd7 Bxd7 25. Rxf4 f5 26. Rh4 Kd6 27.
Kf2 e5 28. g3 Ke7 29. Ke3 1/2-1/2

[Event "CN Equipas 2017 - 1. div"]
[Site "Leiria POR"]
[Date "2017.07.21"]
[Round "7.1.2"]
[White "Iruzubieta, Jesus"]
[Black "Polaczek, Richard"]
[Result "1/2-1/2"]
[WhiteElo "2428"]
[BlackElo "2406"]
[WhiteFideId "2200597"]
[BlackFideId "200026"]
[WhiteTeam "GX Porto 'A'"]
[BlackTeam "CX Montemor-o-Velho/CTGA 'A'"]
[WhiteTitle "FM"]
[BlackTitle "IM"]
[PlyCount "70"]

1. e4 e6 2. d4 d5 3. Nc3 Nf6 4. Bg5 dxe4 5. Nxe4 Be7 6. Bxf6 gxf6 7. Nf3 a6 8.
Bd3 b5 9. Qe2 Bb7 10. a4 b4 11. Ned2 c5 12. dxc5 Nd7 13. Be4 Qc7 14. Bxb7 Qxb7
15. Ne4 Nxc5 16. Nxc5 Bxc5 17. O-O O-O 18. Rad1 Rfd8 19. Rxd8+ Rxd8 20. Rd1 Rc8
21. Nd2 Be7 22. Nc4 b3 23. g3 Qb4 24. cxb3 Qxb3 25. Rd4 f5 26. Ne3 Bf6 27. Rc4
Rd8 28. Rc6 Qxa4 29. Rxa6 Qe4 30. Ra7 Bd4 31. Qh5 Rf8 32. Qg5+ Kh8 33. Qe7 Kg8
34. Qg5+ Kh8 35. Qe7 Kg8 1/2-1/2

[Event "CN Equipas 2017 - 1. div"]
[Site "Leiria POR"]
[Date "2017.07.21"]
[Round "7.2.1"]
[White "Iturrizaga, Eduardo"]
[Black "Guerreiro, Nuno"]
[Result "1-0"]
[WhiteElo "2664"]
[BlackElo "2111"]
[WhiteFideId "3901211"]
[BlackFideId "1903012"]
[WhiteTeam "AX Gaia 'A'"]
[BlackTeam "ADRC Mata de Benfica 'A'"]
[WhiteTitle "GM"]
[PlyCount "87"]

1. c4 e5 2. g3 Nc6 3. Bg2 Nf6 4. a3 Bc5 5. Nc3 a6 6. e3 O-O 7. Nge2 Re8 8. O-O
d6 9. b4 Ba7 10. d3 Ne7 11. Bb2 Ng6 12. h3 c6 13. e4 Be6 14. Rc1 b5 15. cxb5
cxb5 16. Kh2 d5 17. exd5 Nxd5 18. Ne4 f5 19. Nc5 Bf7 20. Nxa6 Rc8 21. Nc5 Qd6
22. Qd2 Nb6 23. Nc3 Nc4 24. Nxb5 Nxd2 25. Nxd6 Nxf1+ 26. Bxf1 Bxc5 27. Nxe8 Bxe8
28. Rxc5 Rxc5 29. bxc5 Bb5 30. Kg1 Kf7 31. d4 Bxf1 32. Kxf1 exd4 33. Bxd4 Ne7
34. Ke2 Nc6 35. Kd3 g6 36. Kc4 Ke6 37. Bc3 g5 38. a4 h5 39. a5 f4 40. g4 h4 41.
a6 Na7 42. f3 Nc6 43. Kb5 Kd5 44. Bf6 1-0

[Event "CN Equipas 2017 - 1. div"]
[Site "Leiria POR"]
[Date "2017.07.21"]
[Round "7.2.3"]
[White "Petkov, Vladimir"]
[Black "Camacho Collados, Marcos"]
[Result "1-0"]
[WhiteElo "2489"]
[BlackElo "2417"]
[WhiteFideId "2901188"]
[BlackFideId "2266237"]
[WhiteTeam "AX Gaia 'A'"]
[BlackTeam "ADRC Mata de Benfica 'A'"]
[WhiteTitle "GM"]
[BlackTitle "IM"]
[PlyCount "63"]

1. Nf3 Nf6 2. g3 g6 3. Bg2 Bg7 4. O-O O-O 5. d4 c6 6. a4 d5 7. Nbd2 Bf5 8. Re1
Nbd7 9. c3 c5 10. a5 Qc7 11. Nf1 Be4 12. Bf4 Qc8 13. N1d2 cxd4 14. cxd4 Bc2 15.
Qc1 Qc6 16. Ne5 Nxe5 17. dxe5 Ne4 18. Nxe4 dxe4 19. Ra3 Rac8 20. Qe3 Qb5 21.
Qxa7 Qxb2 22. Raa1 Rc6 23. h4 Rfc8 24. a6 bxa6 25. Rxa6 Qc3 26. Rxc6 Rxc6 27.
Rc1 h6 28. Bxe4 Rc7 29. Qb6 g5 30. Bxc2 gxf4 31. Qxc7 Qd2 32. Qc8+ 1-0

[Event "CN Equipas 2017 - 1. div"]
[Site "Leiria POR"]
[Date "2017.07.21"]
[Round "7.2.4"]
[White "Barrero Garcia, Carlos"]
[Black "Strikovic, Aleksa"]
[Result "0-1"]
[WhiteElo "2309"]
[BlackElo "2509"]
[WhiteFideId "2219522"]
[BlackFideId "900150"]
[WhiteTeam "ADRC Mata de Benfica 'A'"]
[BlackTeam "AX Gaia 'A'"]
[WhiteTitle "IM"]
[BlackTitle "GM"]
[PlyCount "72"]

1. d4 Nf6 2. c4 g6 3. Nc3 Bg7 4. e4 d6 5. h3 O-O 6. Bg5 c5 7. d5 e6 8. Bd3 Na6
9. Nf3 Nc7 10. O-O exd5 11. exd5 h6 12. Be3 b5 13. b3 Rb8 14. Qd2 Kh7 15. Rab1
Re8 16. Qc2 Na6 17. Nh4 Nb4 18. Bxg6+ Kh8 19. Qd2 fxg6 20. a3 g5 21. axb4 gxh4
22. Bxh6 bxc4 23. Bxg7+ Kxg7 24. bxc5 cxb3 25. Qg5+ Kf7 26. Qf4 Qa5 27. Qxd6 Bf5
28. Ra1 Qxc3 29. Rxa7+ Kg6 30. Qc7 Bd7 31. c6 b2 32. cxd7 Qxc7 33. dxe8=Q+ Nxe8
34. Rxc7 Nxc7 35. d6 b1=Q 36. dxc7 Qxf1+ 0-1

[Event "CN Equipas 2017 - 1. div"]
[Site "Leiria POR"]
[Date "2017.07.21"]
[Round "7.3.2"]
[White "Brodowski, Piotr"]
[Black "Dâmaso, Rui"]
[Result "1/2-1/2"]
[WhiteElo "2442"]
[BlackElo "2434"]
[WhiteFideId "1124480"]
[BlackFideId "1900030"]
[WhiteTeam "AA Coimbra 'A'"]
[BlackTeam "FC Barreirense 'A'"]
[WhiteTitle "IM"]
[BlackTitle "IM"]
[PlyCount "31"]

1. c4 e5 2. Nc3 Nf6 3. g3 c6 4. Nf3 e4 5. Nd4 Qb6 6. Nb3 a5 7. d3 a4 8. Be3 Qb4
9. Nd2 exd3 10. Rc1 a3 11. b3 Bc5 12. Bxc5 Qxc5 13. Na4 Qa5 14. e3 d5 15. cxd5
O-O 16. Rc5 1/2-1/2

[Event "CN Equipas 2017 - 1. div"]
[Site "Leiria POR"]
[Date "2017.07.21"]
[Round "7.4.1"]
[White "Larino, David"]
[Black "Martinez, Lelys"]
[Result "1-0"]
[WhiteElo "2495"]
[BlackElo "2495"]
[WhiteFideId "2256444"]
[BlackFideId "3504727"]
[WhiteTeam "O AmanhÃ£ da CrianÃ§a 'A'"]
[BlackTeam "GD Dias Ferreira 'A'"]
[WhiteTitle "GM"]
[BlackTitle "GM"]
[PlyCount "53"]

1. b3 e5 2. Bb2 Nc6 3. e3 Nf6 4. Nf3 Bd6 5. d4 exd4 6. exd4 O-O 7. Be2 Re8 8.
O-O Ne7 9. c4 c6 10. Nc3 Ng6 11. Re1 Bb4 12. d5 d6 13. a3 Bxc3 14. Bxc3 c5 15.
Qc2 Ne4 16. Bb2 Nf4 17. Bf1 Bf5 18. Qc1 Ng6 19. Bd3 Re7 20. Qc2 Qe8 21. Re3 Nf4
22. Rae1 Nxd3 23. Qxd3 h6 24. Nd2 Nxf2 25. Qc3 Re5 26. Rxe5 dxe5 27. Rxe5 1-0

[Event "CN Equipas 2017 - 1. div"]
[Site "Leiria POR"]
[Date "2017.07.21"]
[Round "7.4.3"]
[White "Padeiro, José"]
[Black "Suarez Garcia, Carlos"]
[Result "0-1"]
[WhiteElo "2276"]
[BlackElo "2455"]
[WhiteFideId "1901311"]
[BlackFideId "22230858"]
[WhiteTeam "O AmanhÃ£ da CrianÃ§a 'A'"]
[BlackTeam "GD Dias Ferreira 'A'"]
[WhiteTitle "FM"]
[BlackTitle "IM"]
[PlyCount "114"]

1. d4 d5 2. c4 e6 3. Nc3 c6 4. e3 Bd6 5. Nf3 f5 6. Ne5 Nf6 7. f4 O-O 8. Be2 Nbd7
9. O-O Ne4 10. Nxe4 fxe4 11. Bd2 Qe7 12. Rb1 Bc7 13. b4 Nxe5 14. fxe5 Bd7 15. b5
Rxf1+ 16. Bxf1 Qa3 17. bxc6 Bxc6 18. Qc2 Ba4 19. Qb2 Qxb2 20. Rxb2 Bc6 21. c5 a6
22. Be2 Re8 23. Be1 Bd8 24. Bg3 g6 25. Bf4 Kg7 26. g4 h6 27. Kg2 Rf8 28. Rb1 Ba5
29. Rf1 g5 30. Bg3 Rxf1 31. Kxf1 Bd2 32. Kf2 Ba4 33. Bf1 Bc1 34. h3 Kf7 35. Bh2
Ke7 36. Bg1 Bd2 37. h4 gxh4 38. Bh2 Kf7 39. Bf4 Kg6 40. Be2 Bd7 41. Bd1 Bb5 42.
Kg2 a5 43. a4 Bc4 44. Kf2 Bd3 45. Bh2 h3 46. Bf4 Bc4 47. Bh2 Bb4 48. Bf4 Ba6 49.
Bh2 Bd2 50. Bf4 Kf7 51. Bxh6 Be1+ 52. Kg1 Bg3 53. Bg5 Kg6 54. Bd8 h2+ 55. Kh1
Bf2 56. Bxa5 Bxe3 57. Bc3 Bf4 0-1

[Event "CN Equipas 2017 - 1. div"]
[Site "Leiria POR"]
[Date "2017.07.21"]
[Round "7.4.4"]
[White "Gonzalez Perez, Arian"]
[Black "Trindade, Rui"]
[Result "1-0"]
[WhiteElo "2461"]
[BlackElo "2033"]
[WhiteFideId "3507777"]
[BlackFideId "1903721"]
[WhiteTeam "GD Dias Ferreira 'A'"]
[BlackTeam "O AmanhÃ£ da CrianÃ§a 'A'"]
[WhiteTitle "IM"]
[PlyCount "75"]

1. e4 c5 2. Nf3 e6 3. d3 Nc6 4. g3 d5 5. Qe2 dxe4 6. dxe4 Nf6 7. Bg2 Be7 8. O-O
O-O 9. e5 Nd5 10. Rd1 Qc7 11. c4 Nb6 12. Nc3 a6 13. Bf4 Rd8 14. Ne4 Nd4 15. Nxd4
cxd4 16. Nf6+ Bxf6 17. exf6 Qc5 18. Qg4 g6 19. Qh4 e5 20. Qh6 Qf8 21. Qxf8+ Kxf8
22. Bxe5 Nxc4 23. Bxd4 Bg4 24. f3 Be6 25. b3 Na5 26. Bb6 Rxd1+ 27. Rxd1 Nc6 28.
f4 Ke8 29. h3 h5 30. Kh2 Rc8 31. Rd2 Nd8 32. Bf3 Bf5 33. g4 hxg4 34. hxg4 Bb1
35. Bd5 Nc6 36. Kg3 Kf8 37. Bc4 Ke8 38. Rb2 1-0

[Event "CN Equipas 2017 - 1. div"]
[Site "Leiria POR"]
[Date "2017.07.21"]
[Round "7.5.1"]
[White "Fier, Alexandr"]
[Black "Vasques, António"]
[Result "1-0"]
[WhiteElo "2589"]
[BlackElo "2307"]
[WhiteFideId "2107139"]
[BlackFideId "1908332"]
[WhiteTeam "AX Portugal/Atlantidiagonal 'A'"]
[BlackTeam "Sporting Clube Portugal 'A'"]
[WhiteTitle "GM"]
[BlackTitle "FM"]
[PlyCount "78"]

1. e4 c5 2. Nf3 d6 3. d4 Nf6 4. Nc3 cxd4 5. Nxd4 a6 6. Bg5 e6 7. f4 Qc7 8. Bxf6
gxf6 9. Be2 Nc6 10. Qd3 h5 11. O-O-O Bd7 12. f5 O-O-O 13. Qh3 Nxd4 14. Rxd4 Qa5
15. Kb1 h4 16. Rhd1 Be7 17. Bg4 Qe5 18. Na4 Kc7 19. Qb3 b5 20. Nc3 Ra8 21. Ne2
a5 22. Ng1 a4 23. Qc3+ Bc6 24. fxe6 Rag8 25. Qa5+ Kb7 26. Rd5 Rxg4 27. Rxe5 dxe5
28. Rd5 fxe6 29. Rxb5+ Bxb5 30. Qxb5+ Kc7 31. Qc4+ Kd6 32. Qb4+ Kd7 33. Qxa4+
Kd6 34. Qb4+ Kd7 35. Qb7+ Kd6 36. c4 Rxg2 37. b4 Rxg1+ 38. Kb2 Rg2+ 39. Kb3 Kd5
1-0

[Event "CN Equipas 2017 - 1. div"]
[Site "Leiria POR"]
[Date "2017.07.22"]
[Round "8.1.1"]
[White "Sprenger, Jan"]
[Black "Vasques, António"]
[Result "1-0"]
[WhiteElo "2514"]
[BlackElo "2307"]
[WhiteFideId "4646258"]
[BlackFideId "1908332"]
[WhiteTeam "GX Porto 'A'"]
[BlackTeam "Sporting Clube Portugal 'A'"]
[WhiteTitle "IM"]
[BlackTitle "FM"]
[PlyCount "149"]

1. e4 c5 2. Nf3 e6 3. d4 cxd4 4. Nxd4 Nc6 5. Nc3 Qc7 6. g3 a6 7. Bg2 d6 8. O-O
Bd7 9. Re1 Be7 10. Nxc6 Bxc6 11. Qd4 Nf6 12. Nd5 Bxd5 13. exd5 e5 14. Qa4+ b5
15. Qb3 Nd7 16. a4 Rb8 17. axb5 axb5 18. Bf1 b4 19. Bd2 Nc5 20. Qc4 Qb6 21. c3
bxc3 22. Bxc3 Qb3 23. Ra7 Qxc4 24. Bxc4 Bd8 25. b4 Nd7 26. Ba6 Ke7 27. Bd4 Rxb4
28. Rxe5+ dxe5 29. Bc5+ Kf6 30. Bxb4 Nb6 31. Bb7 Bc7 32. Bc6 Rc8 33. Ba5 Bd8 34.
Bxb6 Bxb6 35. Ra6 Rb8 36. d6 Ke6 37. d7 Ke7 38. Kg2 Bd8 39. Ra2 Rb6 40. Rc2 Kd6
41. Ba4 Rb4 42. Rc8 Ke7 43. Ra8 Rd4 44. Kf3 Rb4 45. h4 Rd4 46. h5 h6 47. Bc6 Rb4
48. g4 Rf4+ 49. Kg3 Rb4 50. f3 Rc4 51. Bd5 Rd4 52. Bxf7 Rxd7 53. Bg6 Rb7 54. Be4
Rd7 55. g5 hxg5 56. Kg4 Kf6 57. Ra6+ Kf7 58. Kf5 Be7 59. Kxe5 Bf6+ 60. Kf5 Bd8
61. Bc6 Rd3 62. Ra7+ Be7 63. Be4 Rd6 64. Ke5 Re6+ 65. Kd4 Rd6+ 66. Bd5+ Kf6 67.
Rc7 Rb6 68. Ke4 Ra6 69. Bc4 Rb6 70. Ra7 Rd6 71. Ra5 g6 72. h6 Bf8 73. Ra7 g4 74.
Rf7+ Kg5 75. h7 1-0

[Event "CN Equipas 2017 - 1. div"]
[Site "Leiria POR"]
[Date "2017.07.22"]
[Round "8.1.2"]
[White "Santos, António P"]
[Black "Iruzubieta, Jesus"]
[Result "1/2-1/2"]
[WhiteElo "2237"]
[BlackElo "2428"]
[WhiteFideId "1900161"]
[BlackFideId "2200597"]
[WhiteTeam "Sporting Clube Portugal 'A'"]
[BlackTeam "GX Porto 'A'"]
[WhiteTitle "FM"]
[BlackTitle "FM"]
[PlyCount "112"]

1. d4 Nf6 2. c4 e6 3. Nf3 d5 4. Nc3 Bb4 5. cxd5 exd5 6. Bg5 Qd6 7. Rc1 Ne4 8.
Bd2 Nxd2 9. Qxd2 O-O 10. a3 Ba5 11. g3 Nc6 12. Bg2 Bf5 13. Nh4 Be4 14. O-O Bxg2
15. Kxg2 Bb6 16. Nf3 Rfe8 17. e3 Ne7 18. Na4 Nf5 19. Qc2 g6 20. Nxb6 Qxb6 21.
Qxc7 Qxb2 22. Rc2 Qb3 23. Ne5 Re7 24. Qc3 Qa4 25. Rfc1 Rd8 26. Qb4 Qe8 27. Rc7
Nd6 28. Qc5 Rxc7 29. Qxc7 Rc8 30. Qxd6 Rxc1 31. Qxd5 Rc7 32. h4 Kg7 33. Qd6 Qe7
34. Qd5 h5 35. a4 Rc8 36. Nd3 Rd8 37. Qf3 b6 38. d5 f5 39. Nf4 Rd6 40. Qd1 Qe4+
41. Kh2 Qe7 42. Qd4+ Kh7 43. Ne6 Rxe6 44. dxe6 Qxe6 45. Qd8 Qf7 46. Kg2 Qb7+ 47.
Kg1 a6 48. Qd6 Kg7 49. Qd4+ Kf7 50. Qc4+ Ke7 51. Qb4+ Kd7 52. Qd4+ Ke6 53. Qc4+
Kf6 54. Qd4+ Kf7 55. Qc4+ Kf6 56. Qd4+ Ke5 1/2-1/2

[Event "CN Equipas 2017 - 1. div"]
[Site "Leiria POR"]
[Date "2017.07.22"]
[Round "8.2.1"]
[White "Martinez, Lelys"]
[Black "Fier, Alexandr"]
[Result "1-0"]
[WhiteElo "2495"]
[BlackElo "2589"]
[WhiteFideId "3504727"]
[BlackFideId "2107139"]
[WhiteTeam "GD Dias Ferreira 'A'"]
[BlackTeam "AX Portugal/Atlantidiagonal 'A'"]
[WhiteTitle "GM"]
[BlackTitle "GM"]
[PlyCount "77"]

1. e4 c5 2. Nf3 e6 3. Nc3 Nc6 4. d4 cxd4 5. Nxd4 Nf6 6. Nxc6 bxc6 7. e5 Nd5 8.
Ne4 Qc7 9. f4 Rb8 10. a3 Qb6 11. Qd3 f5 12. exf6 Nxf6 13. Nxf6+ gxf6 14. Be2 Bc5
15. Rf1 a5 16. b3 Bd4 17. c3 Bc5 18. b4 Be7 19. Be3 c5 20. Rf3 Qc7 21. Rg3 cxb4
22. cxb4 axb4 23. Rc1 Qa5 24. axb4 Bxb4+ 25. Kf2 Qd5 26. Qxd5 exd5 27. Bh5+ Ke7
28. Rg7+ Ke6 29. Bf7+ Kd6 30. f5 Ke5 31. Kf3 Bb7 32. Bf4+ Kd4 33. Bxb8 Bd2 34.
Rd1 Kc3 35. Bf4 d4+ 36. Kg3 Bxf4+ 37. Kxf4 d3 38. Ke3 Ba6 39. Rg8 1-0

[Event "CN Equipas 2017 - 1. div"]
[Site "Leiria POR"]
[Date "2017.07.22"]
[Round "8.2.3"]
[White "Suarez Garcia, Carlos"]
[Black "Reis, Luís Sousa"]
[Result "1-0"]
[WhiteElo "2455"]
[BlackElo "2182"]
[WhiteFideId "22230858"]
[BlackFideId "1900609"]
[WhiteTeam "GD Dias Ferreira 'A'"]
[BlackTeam "AX Portugal/Atlantidiagonal 'A'"]
[WhiteTitle "IM"]
[BlackTitle "NM"]
[PlyCount "105"]

1. Nf3 d5 2. d4 Nc6 3. Bf4 Bg4 4. e3 e6 5. c4 Bd6 6. Bg3 Nge7 7. Nc3 O-O 8. Bd3
Ng6 9. cxd5 exd5 10. Rc1 a6 11. a3 Nce7 12. Qb3 c6 13. Nd2 Rb8 14. Qc2 Qd7 15.
Bxd6 Qxd6 16. O-O Qd7 17. Nb3 Bf5 18. f3 Bxd3 19. Qxd3 f5 20. Nc5 Qd6 21. b4
Rfd8 22. Rcd1 Nf8 23. Rfe1 Ne6 24. Nb3 Re8 25. Na4 b6 26. Rc1 Rf8 27. Nb2 a5 28.
Qd2 axb4 29. axb4 Ra8 30. Nd3 Nc7 31. Ra1 Nb5 32. Qb2 Rfd8 33. Nd2 Ng6 34. g3
Qc7 35. Rec1 Qe7 36. Kf2 Rxa1 37. Qxa1 Re8 38. Nf1 Qe6 39. Qa6 Rb8 40. Qa4 h5
41. Qc2 Rc8 42. Nd2 h4 43. f4 Re8 44. Ne5 Nxe5 45. dxe5 Rc8 46. Nf3 hxg3+ 47.
hxg3 c5 48. Ng5 Qg6 49. g4 Qh6 50. Kg2 Rf8 51. bxc5 Qh4 52. Qe2 d4 53. Qc4+ 1-0

[Event "CN Equipas 2017 - 1. div"]
[Site "Leiria POR"]
[Date "2017.07.22"]
[Round "8.2.4"]
[White "Maisuradze, Nino"]
[Black "Gonzalez Perez, Arian"]
[Result "0-1"]
[WhiteElo "2266"]
[BlackElo "2461"]
[WhiteFideId "13601717"]
[BlackFideId "3507777"]
[WhiteTeam "AX Portugal/Atlantidiagonal 'A'"]
[BlackTeam "GD Dias Ferreira 'A'"]
[WhiteTitle "WGM"]
[BlackTitle "IM"]
[PlyCount "62"]

1. d4 d5 2. c4 c6 3. Nc3 Nf6 4. cxd5 cxd5 5. Bf4 Nc6 6. e3 a6 7. Bd3 Bg4 8. Nge2
e6 9. Rc1 Be7 10. Qb3 Ra7 11. O-O O-O 12. Na4 Bxe2 13. Bxe2 Ne4 14. Rfd1 g5 15.
Be5 Nxe5 16. dxe5 b5 17. Nc3 Nc5 18. Qc2 b4 19. Na4 Nxa4 20. Qxa4 Qb8 21. Bxa6
Qxe5 22. Rd2 Rfa8 23. Rc6 Qe4 24. Rd1 b3 25. Qa5 Bd8 26. Qa3 d4 27. Qa4 bxa2 28.
exd4 Qb1 29. Rf1 Bf6 30. h4 Qxb2 31. hxg5 Bxd4 0-1

[Event "CN Equipas 2017 - 1. div"]
[Site "Leiria POR"]
[Date "2017.07.22"]
[Round "8.3.1"]
[White "Luch, Michal"]
[Black "Larino, David"]
[Result "1/2-1/2"]
[WhiteElo "2393"]
[BlackElo "2495"]
[WhiteFideId "1120042"]
[BlackFideId "2256444"]
[WhiteTeam "AA Coimbra 'A'"]
[BlackTeam "O AmanhÃ£ da CrianÃ§a 'A'"]
[WhiteTitle "IM"]
[BlackTitle "GM"]
[PlyCount "94"]

1. d4 g6 2. e4 c6 3. Nc3 d5 4. h3 Bg7 5. Nf3 dxe4 6. Nxe4 Nf6 7. Nxf6+ exf6 8.
Bc4 O-O 9. O-O Re8 10. Re1 Rxe1+ 11. Qxe1 a5 12. a4 Bf5 13. Bb3 Na6 14. Bd2 b6
15. Qe2 Bf8 16. Qc4 Qd7 17. d5 cxd5 18. Qxd5 Qxd5 19. Bxd5 Rd8 20. Bb3 Be4 21.
Bc3 Bxf3 22. gxf3 Kg7 23. Bc4 Nb4 24. Bxb4 Bxb4 25. Bd3 f5 26. Rd1 Kf6 27. Be2
Re8 28. Bc4 Re7 29. Kg2 Rc7 30. b3 Kg5 31. Rd5 Bc5 32. Bb5 Bb4 33. Bc4 Re7 34.
Rd1 f4 35. Rd5+ f5 36. Rd1 h5 37. Bb5 Bc5 38. Bc4 Kf6 39. Kf1 Bb4 40. Kg2 g5 41.
Rd5 Re5 42. Rxe5 Kxe5 43. Bf7 h4 44. Bg6 Kf6 45. Bh5 Ke5 46. Bg6 Kf6 47. Bh5 Ke5
1/2-1/2

[Event "CN Equipas 2017 - 1. div"]
[Site "Leiria POR"]
[Date "2017.07.22"]
[Round "8.3.2"]
[White "Espineira, Diego"]
[Black "Brodowski, Piotr"]
[Result "0-1"]
[WhiteElo "2364"]
[BlackElo "2442"]
[WhiteFideId "2229498"]
[BlackFideId "1124480"]
[WhiteTeam "O AmanhÃ£ da CrianÃ§a 'A'"]
[BlackTeam "AA Coimbra 'A'"]
[WhiteTitle "IM"]
[BlackTitle "IM"]
[PlyCount "64"]

1. e4 c5 2. Nf3 Nc6 3. d4 cxd4 4. Nxd4 g6 5. Nc3 Bg7 6. Nde2 Nf6 7. g3 b5 8. Bg2
Rb8 9. O-O O-O 10. Nd5 b4 11. Bg5 Ng4 12. Qc1 Ba6 13. Re1 Rc8 14. Ne3 Nge5 15.
Qd1 d6 16. Bf4 Nd7 17. Nd5 Bxb2 18. Rb1 Bg7 19. Nxb4 Nxb4 20. Rxb4 Qa5 21. Qb1
Qh5 22. Nd4 Qa5 23. Bh3 Rfd8 24. Bd2 e6 25. Nb3 Qh5 26. Bg2 Nb6 27. h3 Nc4 28.
Ra4 Qb5 29. Rb4 Qd7 30. Bf1 Na3 31. Qd1 Bxf1 32. Rxf1 Nxc2 0-1

[Event "CN Equipas 2017 - 1. div"]
[Site "Leiria POR"]
[Date "2017.07.22"]
[Round "8.4.2"]
[White "Dâmaso, Rui"]
[Black "Camacho Collados, Marcos"]
[Result "1-0"]
[WhiteElo "2434"]
[BlackElo "2417"]
[WhiteFideId "1900030"]
[BlackFideId "2266237"]
[WhiteTeam "FC Barreirense 'A'"]
[BlackTeam "ADRC Mata de Benfica 'A'"]
[WhiteTitle "IM"]
[BlackTitle "IM"]
[PlyCount "89"]

1. Nf3 Nf6 2. g3 g6 3. b3 Bg7 4. Bb2 O-O 5. Bg2 c5 6. O-O Nc6 7. c4 d6 8. d4
cxd4 9. Nxd4 Bd7 10. Nc3 Qa5 11. e3 Rac8 12. Qe2 a6 13. Rfd1 Nxd4 14. exd4 b5
15. Qxe7 bxc4 16. Qxd6 Bg4 17. b4 Qf5 18. Re1 Rfd8 19. Qb6 Nd7 20. Qa7 Qd3 21.
Nd5 c3 22. Bxc3 Rxc3 23. Re3 Bxd4 24. Rxd3 Rxd3 25. Qc7 Re8 26. Rf1 Rd2 27. h3
Be6 28. Qf4 Rd3 29. Qe4 Rd2 30. Qf4 Rd3 31. Re1 Kg7 32. Nc7 Rc8 33. Bf1 Rxc7 34.
Bxd3 Bb6 35. Qd6 Bxh3 36. a4 Rc3 37. a5 Ba7 38. Kh2 Bg4 39. Re7 Nf6 40. Rxa7 Bf3
41. Bf1 Rc1 42. Qd3 Be4 43. Qe2 h5 44. f3 Bd5 45. Rxa6 1-0

[Event "CN Equipas 2017 - 1. div"]
[Site "Leiria POR"]
[Date "2017.07.22"]
[Round "8.5.1"]
[White "Zeibel, Patrick"]
[Black "Iturrizaga, Eduardo"]
[Result "0-1"]
[WhiteElo "2452"]
[BlackElo "2664"]
[WhiteFideId "24624322"]
[BlackFideId "3901211"]
[WhiteTeam "CX Montemor-o-Velho/CTGA 'A'"]
[BlackTeam "AX Gaia 'A'"]
[WhiteTitle "IM"]
[BlackTitle "GM"]
[PlyCount "120"]

1. e4 c5 2. c3 d5 3. exd5 Qxd5 4. Nf3 g6 5. Na3 Bg7 6. Bc4 Qe4+ 7. Be2 Nf6 8. d4
O-O 9. O-O Nc6 10. dxc5 Qf5 11. Qa4 Qxc5 12. Be3 Qf5 13. h3 Nd5 14. g4 Qf6 15.
Bg5 Qe6 16. Rfe1 h6 17. Bh4 Nb6 18. Qc2 Qd5 19. Bg3 e5 20. Rad1 Qxa2 21. Bb5 Qe6
22. Bxc6 Qxc6 23. Nxe5 Qa4 24. Qb1 Qb3 25. Rd4 Be6 26. Rb4 Qa2 27. Qxa2 Bxa2 28.
Nb5 a5 29. Rd4 Rae8 30. Rdd1 Bb3 31. Ra1 a4 32. Nd4 Bd5 33. Nb5 Re7 34. Rad1 Bb3
35. Ra1 Rfe8 36. Nd6 Rd8 37. Nf3 Red7 38. Ne8 Bh8 39. Bc7 Nc4 40. Bxd8 Rxd8 41.
Nd4 Nxb2 42. Nc7 Bxd4 43. cxd4 Rxd4 44. Re8+ Kh7 45. Re7 Rd2 46. Nb5 Nd1 47.
Rxb7 Nxf2 48. Nc3 Nxh3+ 49. Kf1 Rf2+ 50. Ke1 Rg2 51. Ra3 Ng5 52. Nxa4 Be6 53.
Nc5 Bxg4 54. Re3 Kg7 55. Ree7 h5 56. Nd3 h4 57. Nf2 Be6 58. Kf1 Rg3 59. Rb4 h3
60. Rh4 Nf3 0-1

[Event "CN Equipas 2017 - 1. div"]
[Site "Leiria POR"]
[Date "2017.07.22"]
[Round "8.5.2"]
[White "Ftacnik, Lubomir"]
[Black "Polaczek, Richard"]
[Result "1/2-1/2"]
[WhiteElo "2551"]
[BlackElo "2406"]
[WhiteFideId "14900017"]
[BlackFideId "200026"]
[WhiteTeam "AX Gaia 'A'"]
[BlackTeam "CX Montemor-o-Velho/CTGA 'A'"]
[WhiteTitle "GM"]
[BlackTitle "IM"]
[PlyCount "99"]

1. Nf3 Nf6 2. c4 e6 3. Nc3 d5 4. d4 Be7 5. Bf4 O-O 6. e3 b6 7. Rc1 Bb7 8. cxd5
Nxd5 9. Nxd5 Qxd5 10. a3 c5 11. Bc4 Qh5 12. dxc5 Rd8 13. Qe2 Bxc5 14. O-O a5 15.
Ne5 Qxe2 16. Bxe2 Nd7 17. Nc4 Rac8 18. Rfd1 Bd5 19. Kf1 h6 20. f3 f5 21. Nd6
Bxd6 22. Bxd6 Nc5 23. Be5 Nb3 24. Rc3 Rxc3 25. bxc3 Rc8 26. Ba6 Rc5 27. c4 Bxc4+
28. Bxc4 Rxc4 29. Rd8+ Kf7 30. Rd7+ Ke8 31. Rxg7 Rc2 32. Bf6 Ra2 33. Re7+ Kf8
34. Rxe6 Nd2+ 35. Kg1 Kf7 36. Rc6 b5 37. Bd4 Rxa3 38. Rxh6 Nb3 39. Bb2 Ra2 40.
Be5 b4 41. h4 Nd2 42. h5 Nc4 43. Bd4 b3 44. Rc6 b2 45. Rc7+ Kg8 46. Rc8+ Kf7 47.
Rc7+ Kf8 48. Rc8+ Kf7 49. Rc7+ Kf8 50. Rc8+ 1/2-1/2

[Event "CN Equipas 2017 - 1. div"]
[Site "Leiria POR"]
[Date "2017.07.22"]
[Round "8.5.3"]
[White "Figuero Toro, Julian"]
[Black "Petkov, Vladimir"]
[Result "1/2-1/2"]
[WhiteElo "2314"]
[BlackElo "2489"]
[WhiteFideId "2210347"]
[BlackFideId "2901188"]
[WhiteTeam "CX Montemor-o-Velho/CTGA 'A'"]
[BlackTeam "AX Gaia 'A'"]
[WhiteTitle "FM"]
[BlackTitle "GM"]
[PlyCount "68"]

1. d4 Nf6 2. Bf4 e6 3. e3 c5 4. Nf3 Be7 5. dxc5 Bxc5 6. Be2 Nc6 7. O-O d5 8. a3
O-O 9. c4 dxc4 10. Bxc4 Qe7 11. Nc3 Rd8 12. Qc2 h6 13. Ne5 Nxe5 14. Bxe5 Bd7 15.
Ne4 Nxe4 16. Qxe4 Bc6 17. Qg4 Qg5 18. Qxg5 hxg5 19. Rfd1 Be7 20. Bb3 Bf6 21.
Bxf6 gxf6 22. Rxd8+ Rxd8 23. Rd1 Rc8 24. Rc1 Ra8 25. f3 Kg7 26. e4 Rh8 27. h3
Kf8 28. Rc4 Ke7 29. Ba4 Bxa4 30. Rxa4 a6 31. Rc4 Kd6 32. Rd4+ Ke7 33. Rc4 Kd6
34. Rd4+ Ke5 1/2-1/2